[Event "Moscow-ch U18"]
[Site "Moscow"]
[Date "2010.12.06"]
[Round "8"]
[White "Dorokhin, Danila"]
[Black "Denishev, Marat"]
[Result "0-1"]
[WhiteElo "1977"]
[BlackElo "2127"]
[PlyCount "52"]
[EventDate "2010.11.21"]
[EventType "swiss"]
[EventRounds "9"]
[EventCountry "RUS"]
[SourceTitle "EXT 2012"]
[Source "ChessBase"]
[SourceDate "2011.11.24"]
[SourceVersion "1"]
[SourceVersionDate "2011.11.24"]
[SourceQuality "1"]

1. e4 c6 2. d4 d5 3. Nd2 dxe4 4. Nxe4 Nf6 5. Nxf6+ exf6 6. Nf3 Bd6 7. Bd3 0-0 8. 0-0 Bg4 9. Be3 Nd7 10. c4 Qc7 11. h3 Bh5 12. Rc1 b6 13. Re1 c5 14. Be2 Rad8 15. Qd2 Rfe8 16. a3 f5 17. dxc5 Nxc5 18. Qc2 Bxf3 19. Bxf3 Nd3 20. Bd5 Nxe1 21. Rxe1 Bh2+ 22. Kh1 Rxd5 23. g3 Bxg3 24. fxg3 Qxg3 25. Rg1 Qxh3+ 26. Qh2 Qxh2+ 0-1

[Event "RUS-chB U14"]
[Site "Dagomys"]
[Date "2009.04.18"]
[Round "4"]
[White "Dorokhin, Danila"]
[Black "Gladkov, Dmitry"]
[Result "1/2-1/2"]
[WhiteElo "1884"]
[BlackElo "1863"]
[PlyCount "80"]
[EventDate "2009.04.15"]
[EventType "swiss"]
[EventRounds "9"]
[EventCountry "RUS"]
[SourceTitle "EXT 2012"]
[Source "ChessBase"]
[SourceDate "2011.11.24"]
[SourceVersion "1"]
[SourceVersionDate "2011.11.24"]
[SourceQuality "1"]

1. e4 c5 2. Nf3 Nc6 3. Bb5 g6 4. Bxc6 bxc6 5. 0-0 Bg7 6. c3 e5 7. d4 cxd4 8. cxd4 exd4 9. Nxd4 Ba6 10. Re1 Ne7 11. Nc3 0-0 12. Bg5 Re8 13. Qd2 Qb6 14. Nb3 d5 15. Bxe7 Rxe7 16. exd5 Rxe1+ 17. Rxe1 cxd5 18. Nxd5 Qd8 19. Ne7+ Kh8 20. Qxd8+ Rxd8 21. Nc6 Ra8 22. Re7 Bc4 23. Nba5 Bxa2 24. b3 f5 25. Rxa7 Rxa7 26. Nxa7 Bd4 27. N7c6 Bb6 28. Kf1 Bb1 29. Nc4 Bc7 30. g3 Be4 31. Nd4 Kg8 32. Ke1 Kf7 33. Kd2 h5 34. b4 f4 35. b5 fxg3 36. fxg3 Bd5 37. b6 Bb8 38. Na5 h4 39. gxh4 Bxh2 40. Nac6 g5 1/2-1/2

[Event "RUS-chB U14"]
[Site "Dagomys"]
[Date "2009.04.17"]
[Round "3"]
[White "Egorov, Roman"]
[Black "Dorokhin, Danila"]
[Result "0-1"]
[WhiteElo "1885"]
[BlackElo "1884"]
[PlyCount "110"]
[EventDate "2009.04.15"]
[EventType "swiss"]
[EventRounds "9"]
[EventCountry "RUS"]
[SourceTitle "EXT 2012"]
[Source "ChessBase"]
[SourceDate "2011.11.24"]
[SourceVersion "1"]
[SourceVersionDate "2011.11.24"]
[SourceQuality "1"]

1. e4 e5 2. Nf3 Nc6 3. Bb5 a6 4. Bxc6 dxc6 5. h3 f6 6. 0-0 Bc5 7. Nxe5 fxe5 8. Qh5+ Kf8 9. Qxe5 Bd6 10. Qc3 Qe7 11. Re1 Qe5 12. Qxe5 Bxe5 13. c3 c5 14. d3 Bd7 15. Be3 b6 16. Nd2 Bb5 17. d4 cxd4 18. cxd4 Bf6 19. e5 Bd8 20. Nf3 Bc6 21. Ng5 Bxg5 22. Bxg5 Rc8 23. Rac1 Bd5 24. b3 Ne7 25. Bxe7+ Kxe7 26. f4 Rhf8 27. Rf1 g6 28. g4 Ke6 29. Kh2 Rf7 30. Kg3 Rcf8 31. f5+ gxf5 32. gxf5+ Rxf5 33. Rxf5 Rxf5 34. Rxc7 Rf3+ 35. Kh2 Rf2+ 36. Kg3 Rxa2 37. Rxh7 Kf5 38. Rd7 Rg2+ 39. Kh4 Bxb3 40. Rd6 Rg6 41. Rd8 Bd1 42. Rf8+ Ke4 43. Rf1 Bb3 44. Kh5 Re6 45. Rb1 Bc4 46. Kg4 Kxd4 47. Kf4 b5 48. h4 Bd3 49. Re1 b4 50. h5 b3 51. h6 b2 52. h7 Bxh7 53. Rd1+ Kc3 54. Rd6 Rxd6 55. exd6 b1Q 0-1

[Event "RUS-chB U14"]
[Site "Dagomys"]
[Date "2009.04.15"]
[Round "1"]
[White "Kalinin, Ivan"]
[Black "Dorokhin, Danila"]
[Result "1/2-1/2"]
[WhiteElo "1873"]
[BlackElo "1884"]
[PlyCount "38"]
[EventDate "2009.04.15"]
[EventType "swiss"]
[EventRounds "9"]
[EventCountry "RUS"]
[SourceTitle "EXT 2012"]
[Source "ChessBase"]
[SourceDate "2011.11.24"]
[SourceVersion "1"]
[SourceVersionDate "2011.11.24"]
[SourceQuality "1"]

1. d4 d5 2. c4 e6 3. Nc3 Nf6 4. cxd5 exd5 5. Bg5 Be7 6. Qc2 Nbd7 7. e3 c6 8. Bd3 Nh5 9. Bxe7 Qxe7 10. Nge2 g6 11. Rc1 0-0 12. g4 Ng7 13. Rg1 Qh4 14. Rg3 Nb6 15. Nf4 Bxg4 16. Ng2 Qh5 17. Nf4 Qh4 18. Ng2 Qh5 19. Nf4 Qh4 1/2-1/2